| 000 | 00600nam a2200193Ia 4500 | ||
|---|---|---|---|
| 003 | GCL | ||
| 008 | 140319s9999 xx 000 0 ara d | ||
| 040 |
_aGCL / _cGCL |
||
| 082 | 0 | 4 |
_a951 _bع ا |
| 100 | 1 | _aعلى عبدالله الدفاع | |
| 245 | 1 | 0 |
_aالهام علماء العرب والمسلمين فى علم الحيوان / _cعلى عبدالله الدفاع |
| 300 | _a406 ص | ||
| 490 |
_aكتاب _v0 |
||
| 650 | 0 | 4 | _aالبحوث |
| 650 | 0 | 4 | _aالعلماء العرب |
| 650 | 0 | 4 | _aالعلماء الاندلسين |
| 650 | 0 | 4 | _aالحيوان، علم |
| 942 |
_2ddc _cBK |
||
| 999 |
_c41598 _d41598 |
||